logo

Bir Sreshtho Munshi Abdur Rouf Library
Jhenaidah Cadet College

বাংলার ইতিহাসে এবং মুক্তিযুদ্ধে ব্রাক্ষ্মণবাড়িয়া ও প্রবাসীদের অবদান / (Record no. 11948)

MARC details
000 -LEADER
fixed length control field 00914nam a2200217 a 4500
001 - CONTROL NUMBER
JCCL Control Number 11948
003 - CONTROL NUMBER IDENTIFIER
JCCL marc code BD-JhCC
005 - DATE AND TIME OF LATEST TRANSACTION
control field 20231113121300.0
008 - FIXED-LENGTH DATA ELEMENTS--GENERAL INFORMATION
fixed length control field 210222b 2019bg ||||| ||a| 001 0 Ben d
035 ## - SYSTEM CONTROL NUMBER
system control number (BD-JhCC)11948
040 ## - CATALOGING SOURCE
Original cataloging agency BD-JhCC
Modifying agency BD-JhCC
041 ## - LANGUAGE CODE
Language code of Book ben
082 ## - DEWEY DECIMAL CLASSIFICATION NUMBER
Author mark and Year ABD 2019
Classification number 954.9205
100 ## - MAIN ENTRY--PERSONAL NAME
Personal name আব্দুল হাদী,মোহাম্মদ /
245 ## - TITLE STATEMENT
Title বাংলার ইতিহাসে এবং মুক্তিযুদ্ধে ব্রাক্ষ্মণবাড়িয়া ও প্রবাসীদের অবদান /
Statement of responsibility, etc মোহাম্মদ আব্দুল হাদী
260 ## - PUBLICATION, DISTRIBUTION, ETC. (IMPRINT)
Place of publication, distribution, etc বাংলাদেশ:
Name of publisher, distributor, etc সাহিত্য বিকাশ, ঢাকা;
Date of publication, distribution, etc ২০১৯.
300 ## - PHYSICAL DESCRIPTION
Pagination 383
Other physical details ill
Dimensions 22 CM.
650 ## - SUBJECT ADDED ENTRY--TOPICAL TERM
Topical term or geographic name as entry element বাংলাদেশের মুক্তিযুদ্ধ
942 ## - ADDED ENTRY ELEMENTS (KOHA)
Source of classification or shelving scheme Dewey Decimal Classification
Koha item type Books
Holdings
Source of classification or shelving scheme Damaged status Not for loan Home library Current library Shelving location Date of accession Cost, normal purchase price Total Checkouts Full call number Barcode Date last seen Date checked out Copy number Method of acquisition Koha item type Currency
Dewey Decimal Classification     JCC Rouf Library JCC Rouf Library General Stacks 02/22/2021 412.00 2 954.9205 ABD 2019 16498 11/16/2023 11/16/2023 C-1 Purchase Books BDT

JCC Library | Contacts | JCC Home

Last Update on 23 September 2017
Copyright @ 2017-2020 JCC Rouf Library
Rouf Library, Jhenidah Cadet College (JCC), Bangladesh